Tri thức dân gian về nước của người Lào ở tỉnh Điện Biên

Khái quát về người Lào ở tỉnh Điện Biên và tri thức dân gian về nước ; nước trong sinh hoạt hằng ngày, trong trồng trọt chăn nuôi và khai thác thủy sản ; nước trong các phong tục tập quán ; nước trong các lễ cúng lễ hội ; tín ngưỡng về...

Full description

Saved in:
Bibliographic Details
Corporate Author: Hội văn nghệ dân gian Việt Nam
Format: Book
Language:Undetermined
Published: Hà Nội Khoa học - Xã hội 2015
Subjects:
Tags: Add Tag
No Tags, Be the first to tag this record!
Institutions: Trung tâm Học liệu Trường Đại học Cần Thơ
LEADER 01127nam a2200205Ia 4500
001 CTU_209416
008 210402s9999 xx 000 0 und d
082 |a 398.09597177 
082 |b H452 
110 |a Hội văn nghệ dân gian Việt Nam 
245 0 |a Tri thức dân gian về nước của người Lào ở tỉnh Điện Biên 
245 0 |c Đặng Thị Oanh ... [et al.] 
260 |a Hà Nội 
260 |b Khoa học - Xã hội 
260 |c 2015 
520 |a Khái quát về người Lào ở tỉnh Điện Biên và tri thức dân gian về nước ; nước trong sinh hoạt hằng ngày, trong trồng trọt chăn nuôi và khai thác thủy sản ; nước trong các phong tục tập quán ; nước trong các lễ cúng lễ hội ; tín ngưỡng về nước của người Lào ở tỉnh Điện Biên. 
650 |a Văn hóa dân gian,Folklore 
650 |z Việt Nam,Vietnam 
904 |i Trương Thủy Ly,Hải 
980 |a Trung tâm Học liệu Trường Đại học Cần Thơ